000 00551nam a22001937a 4500
005 20240807170833.0
010 _aENG-141038
020 _c500.00
_a9789351047179
020 _c500.00
035 _aEN-124570
037 _bDBAD
082 _a813
100 _aSinha Pritibala
_969729
245 _aThe Red Indians:
_bIn american novels/
_cBy Pritibala Sinha
260 _aPatna
_bThe Author
_c2013
270 _bPatna
_a102, Sanyam Pratik Khajpura, Patna
_e800014
300 _a128Pages
_c22cm(pbk)
942 _2ddc
_cEN
_h813
_mSIN
999 _c204542
_d204542